| 000 | 00421nam a22001577a 4500 | ||
|---|---|---|---|
| 020 | _a0 7121 1957 4 | ||
| 082 |
_a41173 _bSMI _cL-16, G-IV |
||
| 100 |
_aSmith, M. J. _942528 |
||
| 245 |
_aSoil mechanics _cM. J. Smith |
||
| 250 | _a3rd edition | ||
| 260 |
_aLondon _bThe English language book society _c1978 |
||
| 300 | _a130.p: | ||
| 526 |
_a0 _b0 _c0 _d41173_000000000000000_SMI |
||
| 650 |
_aMCE _9379 |
||
| 942 |
_2ddc _cBK |
||
| 999 |
_c546427 _d546427 |
||